Odvodová úľava v sociálnom poistení pre dlhodobo nezamestnané nízkopríjmové fyzické osoby

Novela zákona č. 461/2003 Z. z. o sociálnom poistení, ktorá s účinnosťou od 1. novembra 2013 zavádza do systému sociálneho poistenia nový inštitút odvodovej úľavy. Odvodová úľava je zameraná na dlhodobo nezamestnané nízkopríjmové fyzické osoby, ktoré sú evidované v evidencii uchádzačov o zamestnanie...

Ausführliche Beschreibung

Gespeichert in:
Bibliographische Detailangaben
1. Verfasser: Zahoranová, Andrea
Format: Buchkapitel
Sprache:Slowakisch
Schlagworte:
Tags: Tag hinzufügen
Keine Tags, Fügen Sie das erste Tag hinzu!

MARC

LEADER 00000nla a2200000 4500
001 0178652
005 20220729105201.9
041 0 |a slo 
044 |a SK 
245 1 0 |a Odvodová úľava v sociálnom poistení pre dlhodobo nezamestnané nízkopríjmové fyzické osoby  |c Andrea Zahoranová 
520 |a Novela zákona č. 461/2003 Z. z. o sociálnom poistení, ktorá s účinnosťou od 1. novembra 2013 zavádza do systému sociálneho poistenia nový inštitút odvodovej úľavy. Odvodová úľava je zameraná na dlhodobo nezamestnané nízkopríjmové fyzické osoby, ktoré sú evidované v evidencii uchádzačov o zamestnanie najmenej 12 mesiacov a zamestnajú sa v pracovnom pomere alebo štátnozamestnaneckom pomere. 
610 2 0 |a poistenie sociálne 
610 2 0 |a druhy poistenia 
610 2 0 |a nezamestnaní 
610 2 0 |a nezamestnanosť dlhodobá 
610 2 0 |a zamestnávatelia 
610 2 0 |a mzdy 
610 2 0 |a odvody 
100 1 |a Zahoranová, Andrea